Botánica

Uloženo v:
Podrobná bibliografie
Médium: Kniha
Jazyk:španělština
Vydáno: Barcelona Océano 1999
Edice:Atlas Visuales Océano
Témata:
Tagy: Přidat tag
Žádné tagy, Buďte první, kdo vytvoří štítek k tomuto záznamu!

MARC

LEADER 00000nam a2200000 a 4500
001 UCM3642
003 CL-VaPUC
005 20250224153645.0
008 020712e19990000SP |||||||||||||||||spa|d
999 |c 300846  |d 300844 
040 |c Pontificia Universidad Católica de Valparaíso 
082 0 4 |a 580 BOT 1999  |2 21 
245 1 0 |a Botánica 
260 |a Barcelona  |b Océano  |c 1999 
300 |a 82 páginas 
490 0 |a Atlas Visuales Océano 
500 |a EJEMPLAR EN PODER DE DOCENTE MYRIAM DAZA A., POR PROYECTO DE MEJORAMIENTO DE LA CALIDAD DE LA DOCENCIA 
583 |a last modification  |c 20020712 00:00:00  |k Rodrigo Vera 
650 0 |a Especies vegetales   |9 418818 
650 7 |a BOSQUES TROPICALES  |2 CL-VaPUC  |9 365111 
650 0 |a Vegetación  |9 264748 
942 |c BK  |2 ddc 
945 |d 20020712 00:00:00  |a cmena